000 00784nam a2200217Ii 4500
003 JO-AjNU
008 230605s9999||||xx |||||||||||||| ||und||
017 _a1994/4660
020 _a977-271-127-3
040 _aJO-AjNU
_bara
_erda
_cJO-AjNU
041 _aara
050 1 4 _aPJ6126.M33 1994
100 3 _aالسيد محمود، مهدي,
_eauthor
_937644
245 0 0 _aعلم نفسك الخطوط العربية نسخ،رقعة،فارسي،ثلث،ديواني
264 3 1 _aالقاهرة:مكتبة ابن سينا للنشر والتوزيع والتصدير،1994
300 _a159ص
336 _atext
_btxt
_2rdacontent
337 _aunmediated
_bn
_2rdamedia
338 _avolume
_bnc
_2rdacarrier
650 4 _aالخطوط العربية-الخط العربي
_937645
999 _aA15748
_c19316
_d19316